| 000 | 00545nam a22002177a 4500 | ||
|---|---|---|---|
| 003 | OSt | ||
| 005 | 20140310181735.0 | ||
| 008 | 121114t xxu||||| |||| 00| 0 eng d | ||
| 020 | _a9780545058025 | ||
| 050 |
_aPZ 7 _b.Em53 2008 |
||
| 082 |
_aFIC _bEm1s 2003 |
||
| 100 |
_aKevin Emerson. _917462 |
||
| 245 |
_aOliver Nocturne _bThe Sunlight Slayings |
||
| 260 |
_aNew York _bScholastic Inc. _c2003 |
||
| 300 |
_g19 cm. _a218 p. ; |
||
| 521 | _a | ||
| 541 | _j1 | ||
| 562 | _e1 | ||
| 650 |
_aFiction. _9746 |
||
| 942 |
_2lcc _cBK-FIC _kFIC |
||
| 999 |
_c2561 _d2561 |
||